<?xml version="1.0" encoding="UTF-8"?>
<record
    xmlns:xsi="http://www.w3.org/2001/XMLSchema-instance"
    xsi:schemaLocation="http://www.loc.gov/MARC21/slim http://www.loc.gov/standards/marcxml/schema/MARC21slim.xsd"
    xmlns="http://www.loc.gov/MARC21/slim">

  <leader>01539nam a22002057a 4500</leader>
  <controlfield tag="008">200210s2009    ag  |||gr|||| 000 1 spa d</controlfield>
  <datafield tag="020" ind1=" " ind2=" ">
    <subfield code="a">9875662348</subfield>
  </datafield>
  <datafield tag="041" ind1=" " ind2=" ">
    <subfield code="a">spa</subfield>
  </datafield>
  <datafield tag="092" ind1=" " ind2=" ">
    <subfield code="c">808 </subfield>
    <subfield code="l">8</subfield>
    <subfield code="s">BRO</subfield>
  </datafield>
  <datafield tag="100" ind1="1" ind2=" ">
    <subfield code="a">Bronte, Emily</subfield>
    <subfield code="9">4104</subfield>
  </datafield>
  <datafield tag="245" ind1=" " ind2=" ">
    <subfield code="a">Cumbres borrascosas /</subfield>
    <subfield code="c">Emily Bronte.</subfield>
  </datafield>
  <datafield tag="250" ind1=" " ind2=" ">
    <subfield code="a">2a ed.</subfield>
    <subfield code="b">Pr&#xF3;logo Victoria Ocampo. Traducci&#xF3;n Maria Rosa Lida de Malkiel.</subfield>
  </datafield>
  <datafield tag="260" ind1=" " ind2=" ">
    <subfield code="a">Buenos Aires:</subfield>
    <subfield code="b">debolsillo;</subfield>
    <subfield code="c">2009.</subfield>
  </datafield>
  <datafield tag="300" ind1=" " ind2=" ">
    <subfield code="a">496 p.</subfield>
    <subfield code="b">19x13 cm.</subfield>
  </datafield>
  <datafield tag="500" ind1=" " ind2=" ">
    <subfield code="a">Bronte, E. (2009). Cumbres borrascosas. (2a ed.). Buenos Aires : debolsillo. 
</subfield>
  </datafield>
  <datafield tag="505" ind1=" " ind2=" ">
    <subfield code="a">Cumbres borrascosas, la &#xE9;pica historia de Catalina y Heathcliff, situada en los sombr&#xED;os y desolados p&#xE1;ramos de Yorkshire, constituye una asombrosa visi&#xF3;n metaf&#xED;sica del destino, la obsesi&#xF3;n, la pasi&#xF3;n y la venganza. Publicada por primera vez en 1847, un a&#xF1;o antes de morir la autora, esta obra romp&#xED;a por completo los c&#xE1;nones del "decoro" que la Inglaterra victoriana exig&#xED;a a toda novela -tanto en el tema escogido como en la descripci&#xF3;n de los personajes- y con la conducci&#xF3;n autor-lector impuesta por las obras serializadas. Diversas rese&#xF1;as la calificaron de "burda, desagradable y alarmante", pero en ning&#xFA;n momento se dud&#xF3; de la singularidad de su estructura narrativa y de la fuerza de su lenguaje. Son estos valores los que con posterioridad crearon escuela y convirtieron la novela de Emily Bront&#xEB; en una de las obras maestras de la literatura universal. </subfield>
  </datafield>
  <datafield tag="590" ind1=" " ind2=" ">
    <subfield code="a">Donaci&#xF3;n, febrero 2020.</subfield>
  </datafield>
  <datafield tag="655" ind1=" " ind2=" ">
    <subfield code="a">Literatura</subfield>
    <subfield code="9">2917</subfield>
  </datafield>
  <datafield tag="942" ind1=" " ind2=" ">
    <subfield code="2">ddc</subfield>
    <subfield code="c">LIT</subfield>
  </datafield>
  <datafield tag="999" ind1=" " ind2=" ">
    <subfield code="c">3056</subfield>
    <subfield code="d">3056</subfield>
  </datafield>
  <datafield tag="952" ind1=" " ind2=" ">
    <subfield code="0">0</subfield>
    <subfield code="1">0</subfield>
    <subfield code="2">ddc</subfield>
    <subfield code="4">0</subfield>
    <subfield code="7">0</subfield>
    <subfield code="a">BFM</subfield>
    <subfield code="b">BFM</subfield>
    <subfield code="c">CR</subfield>
    <subfield code="d">2020-02-10</subfield>
    <subfield code="e">Donaci&#xF3;n, febrero 2020.</subfield>
    <subfield code="l">2</subfield>
    <subfield code="m">2</subfield>
    <subfield code="o">808 8 BRO</subfield>
    <subfield code="p">4609</subfield>
    <subfield code="r">2023-03-10</subfield>
    <subfield code="s">2022-12-21</subfield>
    <subfield code="t">Ej. 1</subfield>
    <subfield code="w">2020-02-10</subfield>
    <subfield code="y">LIT</subfield>
    <subfield code="z">Donaci&#xF3;n, febrero 2020.</subfield>
  </datafield>
</record>
